000 02184cam a22005054i 4500
003 PE-LiUPU
005 20250731165543.0
008 150625s r 000 0 d
035 _a(Sirsi) a33640
035 _a(Sirsi) a33640
040 _aPE-LiUPU
_bspa
_cPE-LiUPU
_erda
082 0 4 _a221.7
_bITC23:b
_221
100 1 _aKnight, George A. F.,
_eautor.
245 1 0 _aIsaiah 56-66.
_n23:b /
_cGeorge A. F. Knight.
264 1 _aGrand Rapids, Michigan :
_bThe Handsel press,
_c1985.
300 _a126 páginas ;
_c21 cm.
336 _atext
_2rdacontent
337 _aunmediated
_2rdamedia
338 _avolume
_2rdacarrier
490 0 _a23/b ;
_v23/b
505 0 _aThe content of the covenant. -Can this be the new Israel?. -True Religion. -Sin separates Mankind from God. -The new Israel. -God stoops to conquer. -An ambivalent faith. -God's reply. -Heaven and Hell.
526 _aSEG44
526 _aSEG26
526 _aP151
526 _aP150
526 _aP149
526 _aP146
526 _aP145
526 _aP126
526 _aP125
526 _aP92
526 _aP75
526 _aP74
526 _aP27
526 _aP15
942 _2ddc
_cBOOK
949 _aRC 221.7 ITC 23:B
_wDEWEY
_c1
_i37866
_lRC
_mBUL
_r0
_sY
_tBOOK
_u2015-6-25
_xBIBLIOTECA
_zUNKNOWN
_0COMPRA
_o.CIRCNOTE. No olvidar cambiar la fecha de devolución!!!!!!!
_o.STAFF. Colección General
949 _aRC 221.7 ITC 23:B
_wDEWEY
_c2
_i37865
_lRC
_mBUL
_r0
_sY
_tBOOK
_u2015-6-25
_xBIBLIOTECA
_zUNKNOWN
_0COMPRA
_o.CIRCNOTE. No olvidar cambiar la fecha de devolución!!!!!!!
_o.STAFF. Colección General
994 _aC0
_bPEPRU
596 _a1
999 _aRC 221.7 ITC 23:B
_wDEWEY
_c41410
_i37866
_d41410
_f2021-11-8
_g6
_lCCODEBUL1
_mBUL
_q1
_r1
_sY
_tBOOK
_u2015-6-25
_xTEOLOGIA
_zUNKNOWN
_0COMPRA
_o.CIRCNOTE. No olvidar cambiar la fecha de devolución!!!!!!!
_o.STAFF. Colección General
999 _aRC 221.7 ITC 23:B
_wDEWEY
_c2
_i37865
_d2022-7-17
_f2021-11-8
_g6
_lCCODEBUL1
_mBUL
_q2
_r1
_sY
_tBOOK
_u2015-6-25
_xTEOLOGIA
_zUNKNOWN
_0COMPRA
_o.CIRCNOTE. No olvidar cambiar la fecha de devolución!!!!!!!
_o.STAFF. Colección General
980 _81
_gALBERTO SANCHEZ Responsable de Automatización